000 00290nam a22001337a 4500
008 181121b xxu||||| |||| 00| 0 eng d
020 _a9780520225015
041 _aeng
080 _a710
100 _a45
101 _aART
245 _aDiscovering Dinosaurs
_cNorell,M
942 _2udc
_cBK
999 _c52306
_d52306